When I grow up : (Record no. 5553)

MARC details
000 -LEADER
fixed length control field 00947nam a22003017a 4500
001 - CONTROL NUMBER
control field 5553
003 - CONTROL NUMBER IDENTIFIER
control field FISKH
005 - DATE AND TIME OF LATEST TRANSACTION
control field 20241217140653.0
008 - FIXED-LENGTH DATA ELEMENTS--GENERAL INFORMATION
fixed length control field 241217b cb ||||| |||| 00| 0 eng d
020 ## - INTERNATIONAL STANDARD BOOK NUMBER
International Standard Book Number 9780545664790
040 ## - CATALOGING SOURCE
Original cataloging agency FISKH
Language of cataloging eng
Transcribing agency FISKH
Modifying agency FISKH
050 ## - LIBRARY OF CONGRESS CALL NUMBER
Classification number KF8745.S67
082 ## - DEWEY DECIMAL CLASSIFICATION NUMBER
Classification number 347.73
100 ## - MAIN ENTRY--PERSONAL NAME
Personal name Anderson, AnnMarie
245 ## - TITLE STATEMENT
Title When I grow up :
Remainder of title Sonia Sotomayor /
Statement of responsibility, etc. by AnnMarie Anderson
250 ## - EDITION STATEMENT
Edition statement First printing, September 2014
260 ## - PUBLICATION, DISTRIBUTION, ETC.
Place of publication, distribution, etc. New York :
Name of publisher, distributor, etc. Scholastic ;
Date of publication, distribution, etc. 2014.
300 ## - PHYSICAL DESCRIPTION
Extent 32 unnumbered pages :
Other physical details color illustrations ;
Dimensions 24 cm .
490 ## - SERIES STATEMENT
Series statement Scholastic reader
Volume/sequential designation Level 3
505 ## - FORMATTED CONTENTS NOTE
Formatted contents note S <br/>
520 ## - SUMMARY, ETC.
Summary, etc. Provides a first person account of the life and accomplishments of Sonia Sotomayor.
521 8# - TARGET AUDIENCE NOTE
Target audience note 790 <br/>
Source Lexile <br/>
521 8# - TARGET AUDIENCE NOTE
Target audience note S <br/>
Source Raz-Plus <br/>
650 ## - SUBJECT ADDED ENTRY--TOPICAL TERM
Topical term or geographic name entry element historical figures
Form subdivision Non-fiction
700 ## - ADDED ENTRY--PERSONAL NAME
Personal name Kelly, Gerald
Relator term illustrator
942 ## - ADDED ENTRY ELEMENTS (KOHA)
Source of classification or shelving scheme Dewey Decimal Classification
Koha item type Books
Suppress in OPAC No
Holdings
Withdrawn status Lost status Source of classification or shelving scheme Damaged status Not for loan Collection Home library Current library Shelving location Date acquired Total Checkouts Full call number Barcode Date last seen Price effective from Koha item type
    Dewey Decimal Classification     Non-Fiction Footprints International School Library Network Toul Kork Campus Footprints International School Library Network Toul Kork Campus TTP Secondary Non-Fiction Bookshelves 12/17/2024   MAR 347.73 KF8745.S67 FISSE02769 12/17/2024 12/17/2024 Books